| 000 | 00737nam a22002057a 4500 | ||
|---|---|---|---|
| 999 |
_c12721 _d12721 |
||
| 003 | AR-CdUCM | ||
| 008 | 190410b ||||| |||| 00| 0 spa d | ||
| 040 |
_aMUNICIPALIDAD PROVINCIAL DEL CUSCO _cBIBLIOTECA MUNICIPAL DEL CUSCO |
||
| 082 |
_a985.61 / _bC97 |
||
| 110 |
_aPrefectura del departamento del Cusco _930733 |
||
| 245 | _aProvincias del Cusco / | ||
| 300 |
_a322 páginas ; _c27 cm. |
||
| 500 | _aEl texto no cuenta con tapa y contra tapa. | ||
| 505 | _aContenido : Prefectura del departamento del Cusco -- Ministerio de gobierno y policía -- Policía -- Ministerio guerra ... | ||
| 650 |
_aMinisterios _930734 |
||
| 650 |
_aProvincias _930735 |
||
| 650 |
_aCusco _9772 |
||
| 942 |
_2ddc _cLIBROS |
||
| 945 |
_arah _d10/04/2019 |
||